MARC

LEADER 00000nam0a2200000 4500
001 305060
005 20231102001749.0
035 |a (RuTPU)RU\TPU\book\330326 
090 |a 305060 
100 |a 20150923d1976 km y0engy50 ba 
101 0 |a eng 
102 |a RU 
105 |a ac z 001zb 
200 1 |a I saw the new world born  |e An Antology by John Reed  |f J. Reed 
210 |a Moscow  |c Progress publishers  |d 1976 
215 |a 296 p.  |c il. 
320 |a Commentary: p. 255-295 
600 1 |a Рид  |b Д.  |c деятель американского рабочего движения  |c писатель  |f 1887-1920  |g Джон  |2 stltpush  |3 (RuTPU)RU\TPU\pers\13095  |9 3782 
606 1 |a Коммунистическая партия США  |x История  |2 stltpush  |3 (RuTPU)RU\TPU\subj\75046  |9 86927 
610 1 |a рабочее движение 
610 1 |a политические деятели 
610 1 |a история 
610 1 |a Россия 
610 1 |a 20 век 
610 1 |a Октябрьская социалистическая революция 
610 1 |a документальная проза 
610 1 |a рассказы 
610 1 |a статьи 
610 1 |a художественные произведения 
610 1 |a поэзия 
610 1 |a антология 
610 1 |a английский язык 
686 |a Ф61(7США)  |v LBC/SL-A  |2 rubbk 
700 1 |a Reed  |b J.  |g John 
801 1 |a RU  |b 63413507  |c 20150923 
801 2 |a RU  |b 63413507  |c 20190913  |g RCR 
942 |c BK